书目信息 |
| 题名: |
太原府
|
|
| 作者: | 李成林 , 李全林 口述 ;吴电 整理 | |
| 分册: | ||
| 出版信息: | 石家庄 花山文艺出版社 1982 |
|
| 页数: | 300页 | |
| 开本: | 19cm | |
| 丛书名: | ||
| 单 册: | ||
| 中图分类: | I239.27 , I239.2 | |
| 科图分类: | ||
| 主题词: | 鼓词--中国--现代--选集 , 戏剧文学--剧本--中国 | |
| 电子资源: | ||
| ISBN: | ||
| 000 | 00911nam0 2200301 45 | |
| 001 | 0182008996 | |
| 005 | 20040415095016.3 | |
| 010 | @dCNY0.73 | |
| 091 | @a10286.40 | |
| 100 | @a19950526d1982 em y0chiy0121 ea | |
| 101 | 0 | @achi |
| 102 | @aCN@b130000 | |
| 105 | @ay z 000by | |
| 106 | @ar | |
| 200 | 10 | @a太原府@Atai yuan fu@e新编传统鼓书《响马传》选段@f李成林,李全林口述@g吴电,李全林整理 |
| 210 | @a石家庄@c花山文艺出版社@d1982 | |
| 215 | @a300页@d19cm | |
| 517 | 1 | @a新编传统鼓书《响马传》选段@Axin bian chuan tong gu shu 《 xiang ma zhuan 》 xuan duan |
| 606 | @a鼓词@y中国@z现代@x选集 | |
| 606 | 0 | @a戏剧文学@x剧本@x中国 |
| 690 | @aI239.27@v3 | |
| 690 | @aI239.2 | |
| 701 | 0 | @a李成林@Ali cheng lin@4口述 |
| 701 | 0 | @a李全林@Ali quan lin@4口述 |
| 702 | 0 | @a吴电@Awu dian@4整理 |
| 801 | 0 | @aCN@b上海图书馆@c20040415 |
| 801 | 2 | @aCN@bNLC@c20040415 |
| 905 | @f1@b77252@dI239.2@e23 | |
| 太原府:新编传统鼓书《响马传》选段/李成林,李全林口述/吴电,李全林整理.-石家庄:花山文艺出版社,1982 |
| 300页;19cm |
| ISBN :CNY0.73 |
| ● |
| 相关链接 |
|
|
|
|
正题名:太原府
索取号:I239.2/23
 
预约/预借
| 序号 | 登录号 | 条形码 | 馆藏地/架位号 | 状态 | 备注 |
| 1 | 0077252 | 000961285 | 第一样本阅览室/ [索取号:I239.2/23] | 在馆 | |
| 2 | 0077253 | 001732281 | 密集书库/ [索取号:I239.2/23] | 在馆 | |
| 3 | 0077254 | 001732370 | 密集书库/ [索取号:I239.2/23] | 在馆 | |
| 4 | 0077255 | 000961294 | 第二借阅区/ [索取号:I239.2/23] | 在馆 | |
| 5 | 0077256 | 001732316 | 密集书库/ [索取号:I239.2/23] | 在馆 |